Diversidad cultural y manglares del Pacífico colombiano (Registro nro. 1146)

Detalles MARC
000 -CABECERA
Campo de control 00824nam a2200277 a 4500
005 - FECHA Y HORA DE LA ULTIMA TRANSACCION
Campo de control 20160303110931.0
008 - ELEMENTOS DE LONGITUD FIJA—INFORMACION GENERAL
Campo de control 140226b1998 ck ||||| |||| 00| 0 spa d
040 ## - FUENTE DE CATALOGACIÓN
Agencia catalogadora original CO-BoIAVH
Agencia transcriptora CO-BoIAVH
041 ## - IDIOMA
Código de idioma para texto/pista de sonido o título separado Español
044 ## - PAÍS DE PUBLICACIÓN
País de publicación Colombia
082 04 - NUMERO DE CLASIFICACION DECIMAL DEWEY
Número de clasificación 572
Número del ítem B82d
090 ## - CLASIFICACIÓN LOCAL
Colección LB
Consecutivo 01135
100 1# - ASIENTO PRINCIPAL--NOMBRE PERSONAL
Nombre personal Bravo-Pazmiño, Hernando E.
245 10 - MENCION DE TITULO
Título Diversidad cultural y manglares del Pacífico colombiano
260 ## - PUBLICACION, DISTRIBUCION, ETC. (PIE DE IMPRENTA)
Lugar de publicación, distribución, etc. Bogotá
Nombre del editor, distribuidor, etc. Minambiente
-- Acofore
-- OIMT
Fecha de publicación, distribución, etc. 1998
300 ## - DESCRIPCION FISICA
Extensión 360 p.
Dimensiones 28 cm.
650 #4 - ASIENTO SECUNDARIO DE MATERIA - TERMINO TEMATICO
Término temático o nombre geográfico como elemento de entrada Diversidad cultural
650 #4 - ASIENTO SECUNDARIO DE MATERIA - TERMINO TEMATICO
Término temático o nombre geográfico como elemento de entrada Manglares
650 #4 - ASIENTO SECUNDARIO DE MATERIA - TERMINO TEMATICO
Término temático o nombre geográfico como elemento de entrada Etnografía
650 #4 - ASIENTO SECUNDARIO DE MATERIA - TERMINO TEMATICO
Término temático o nombre geográfico como elemento de entrada Comunidades negras
650 #4 - ASIENTO SECUNDARIO DE MATERIA - TERMINO TEMATICO
Término temático o nombre geográfico como elemento de entrada Comunidades indígenas
662 ## - ASIENTO SECUNDARIO DE MATERIA - JERARQUIA DEL NOMBRE DE LUGAR(
País o entidad mayor Colombia
700 1# - ASIENTO SECUNDARIO - NOMBRE PERSONAL
Nombre personal Sánchez-Páez, Heliodoro
700 1# - ASIENTO SECUNDARIO - NOMBRE PERSONAL
Nombre personal Alvarez-León, Ricardo
942 ## - ELEMENTOS ADICIONALES (KOHA)
Tipo de ítem Impreso
Koha issues (borrowed), all copies 1
Sistema de clasificación Dewey Decimal Classification
Existencias
Withdrawn status Lost status Sistema de Clasificación Damaged status No para préstamo Colección Inventariado Ubicación Permanente Ubicación actual Fecha de adquisición Valor Total Checkouts Número topográfico Inventario / Código de Barras Date last seen Ejemplar Price effective from Forma de adquisición Tipo de material Fuente de Valor
    Dewey Decimal Classification     General Inventariado 2017 Bogotá Bogotá 19/05/2003 39000.00   LB-572 B82d 004817 04/12/2012 Ej.1 04/12/2012   Libro  
    Dewey Decimal Classification     General Inventariado 2017 Sala Fabio Quevedo Sala Fabio Quevedo 22/09/2004 39000.00   LB-572 B82d 016709 04/12/2012 Ej.2 04/12/2012   Libro Gast, Fernando